01553nam a2200361 a 4500001001000000003000500010005001700015008004100032010001100073011001100084040000900095090001000104100004000114245015900154260003900313500006000352502011500412590003700527590004000564590004000604650003200644650002900676650005900705650002300764856001600787856007000803901000700873942001000880942000600890999001900896952014000915952013601055000111644CHAP20220329144223.0150623s2015 mx a |sm |||||||spa d a108105 a109077 cCHAP aTesis1 aCariño Hernández, Paola912955010aPerspectiva campesina del impacto en programas de desarrollo rural en el Carmen, Santa Inés del Monte, Oaxacah[En línea]cPaola Cariño Hernández. aOaxaca, Méx. :bEl autor,c2015. aPara ver el contenido del material haga clic en la liga aTesis (Ing. Agr. Esp. en Zonas Tropicales) -- UACH. Unidad Regional Universitario del Sureste (URUSSE) Tabasco aBATCHb00c20181121lUCH01h0759 aE5652GLJb05c20150623lUCH01h1236 aE5652GLJb05c20150623lUCH01h123614aCampesinadozOaxaca.91805614aDesarrollo rural.93206714aProgramas de desarrolloxEvaluaciónzOaxaca.912956914aSubsidios.9110160 a1 n0001285 aFinding aiduhttp://10.13.5.2/tesis/sist111644.pdfzTeclea aquí aBK cTESIS n0 c108105d108105 00102local4053708TESISaBCbBCcPA_TESISd2015-06-23fTESISl0oTesisp33724002503389r2019-12-31 00:00:00tc.2w2019-12-31yTESIS 00104054718TESISaBCbBCd2015-06-23fTESISl0oTesisp33724002503421r2019-12-31 00:00:00w2019-12-31yTESISzRecien adquirido